Statistics for AFC Central Winners (1970-2001)

Click here to take the quiz!

General Stats

  • This quiz has been taken 21 times
  • The average score is 23 of 32

Answer Stats

YearAFC Central WinnerRecord% Correct
2001Pittsburgh Steelers13-3
100%
1981Cincinnati Bengals12-4
85%
1973Cincinnati Bengals10-4
85%
1970Cincinnati Bengals8-6
85%
1980Cleveland Browns11-5
85%
1971Cleveland Browns9-5
85%
1972Pittsburgh Steelers11-3
85%
1974Pittsburgh Steelers10-3-1
85%
1975Pittsburgh Steelers12-2
85%
1976Pittsburgh Steelers10-4
85%
1977Pittsburgh Steelers9-5
85%
1978Pittsburgh Steelers14-2
85%
1979Pittsburgh Steelers12-4
85%
1982Cincinnati Bengals7-2
77%
1985Cleveland Browns8-8
77%
1984Pittsburgh Steelers9-7
77%
1983Pittsburgh Steelers10-6
77%
1986Cleveland Browns12-4
69%
1987Cleveland Browns10-5
69%
1989Cleveland Browns9-6-1
69%
1988Cincinnati Bengals12-4
62%
1990Cincinnati Bengals9-7
62%
1991Houston Oilers11-5
62%
1996Pittsburgh Steelers10-6
62%
1992Pittsburgh Steelers11-5
62%
1994Pittsburgh Steelers12-4
62%
1995Pittsburgh Steelers11-5
62%
1997Pittsburgh Steelers11-5
62%
2000Tennessee Titans13-3
62%
1993Houston Oilers12-4
54%
1998Jacksonville Jaguars11-5
38%
1999Jacksonville Jaguars14-2
38%

Score Distribution

Percentile by Number Answered

Percent of People with Each Score

Your Score History

You have not taken this quiz